Forearm, Wrist, Hand - Statistics

General Stats
  • This quiz has been taken 12 times
  • The average score is 7 of 92
Answer Stats
Hint Answer % Correct
Muscles in Hypothenar (3) Abductor digiti minimi
100%
Muscles in Thenar (3) Abductor pollicis brevis
100%
Muscle in Adductor Adductor Pollicis
100%
Muscles in Hypothenar Flexor digiti minimi brevis
100%
Muscles in Thenar Flexor pollicis brevis
100%
Muscles in Hypothenar Opponens digiti minimi
100%
Muscles in Thenar Opponens pollicis
100%
How many bones in the hand 19
0%
Only intrinsic hand muscles not innervation by deep ulnar nerve but by median? 1st and 2nd lumbrical
0%
Posterior Deep Layer Abductor Pollicis Longus
0%
Median nerve innervates which muscle compartment other than flexor carpi ulnaris + ulnar half of flexor digitorum profundus Ant compartment
0%
Risk of Scaphoid Fracture, especially in 10% of people who don't receive retrograde blood supply (distal to proximal flow) Avascular Necrosis
0%
Where does the hypothenar originate base of little finger
0%
Where does the thenar originate base of thumb
0%
Deep veins of upper limb Brachial veins
0%
Posterior Superficial Layer muscles (6) Brachioradialis
0%
What radial artery is deep to Brachioradialis
0%
Which 2 don't arise from there Brachioradialis, Extensor Carpi Radialis Longus
0%
Other wrist joints Carpometacarpal Joint
0%
Superficial veins of upper limb (3) Cephalic, Basilic, Median Cubital Vein
0%
Vein and Artery that go via anatomical snuffbox Cephalic, radial
0%
Hand ligaments that stabilise MCP + IP joints, and are taught in flexion Collateral ligaments
0%
Where 4 Posterior superficial layer muscles arise from Common Extensor tendon at lateral epicondyle of humerus
0%
Where all Anterior superficial + intermediate layer muscles arise from Common flexor tendon at medial epicondyle of humerus
0%
Branches of ulnar artery Common interosseus, Anterior + posterior interosseus
0%
What type of joint is the MCP (metacarpophalangeal) Condyloid synovial
0%
Innervation of Hypothenar deep branch of ulnar nerve
0%
Hand ligaments that resist separation of metacarpals Deep transverse metacarpal
0%
Other wrist joints (4) Distal radioulnar joint
0%
Posterior muscles of forearm function Extension
0%
Posterior muscles of forearm function Extension
0%
Posterior Superficial Layer Extensor Carpi Radialis Brevis
0%
Posterior Superficial Layer Extensor Carpi Radialis Longus
0%
Posterior Superficial Layer Extensor Carpi Ulnaris
0%
Posterior Superficial Layer Extensor Digiti Minimi
0%
Posterior Superficial Layer Extensor Digitorum
0%
Posterior Deep Layer Extensor Indicis
0%
Posterior Deep Layer Extensor Pollicis Brevis
0%
Posterior Deep Layer Extensor Pollicis Longus
0%
Ulnar nerve innervates what muscles FCU, medial FDP, other intrinsic hand muscles
0%
Median nerve innervates which muscles first 2 lumbricals
0%
Anterior muscles of forearm function Flexion
0%
Anterior Superficial layer muscles Flexor Carpi Radialis
0%
Anterior Superficial layer muscles Flexor Carpi Ulnaris
0%
Anterior Deep layer muscles (3) Flexor Digitorum Profundus
0%
Contents of Carpal Tunnel Flexor digitorum profundus
0%
Anterior Intermediate layer muscle (1) Flexor Digitorum Superficialis
0%
Contents of Carpal Tunnel Flexor digitorum superficialis
0%
Anterior Deep layer muscles Flexor Pollicis Longus
0%
Contents of Carpal Tunnel (4) Flexor pollicis longus
0%
Where do the lumbricals originate flexor tendons
0%
Distal row of carpals (HCTT) Hamate, Capitate, Trapezoid, Trapezium
0%
What type of joints are the Proximal + distal interphalangeal joints (PIP,DIP) Hinge synovial
0%
Other wrist joints Intercarpal Joint
0%
Interosseous muscles interossei
0%
median nerve origin lateral and medial cords C5/6-T1
0%
Where cephalic vein originates, goes via and drains into lateral dorsal venous arch, deltopectoral groove, axillary vein at clavipectoral triangle
0%
Median nerve innervates what skin lateral half of palm + lateral 3.5 fingers
0%
Central muscles (2) Long flexor tendons, lumbrical muscles
0%
Ulnar nerve origin medial cord C8-T1
0%
Ulnar nerve innervates what skin medial dorsal and palmar aspect of palm and medial 1.5 fingers
0%
Where basilic vein originates and where it becomes axillary vein Medial Dorsal Venous arch, lower border of teres major
0%
Innervation of Anterior flexor compartment apart from 1.5 muscles Median nerve
0%
Contents of Carpal Tunnel Median nerve
0%
Where do the interossei originate metacarpal bones
0%
Other wrist joints Midcarpal joint
0%
Where does brachial artery bifurcate neck of radius
0%
PAD DAB Palmar Adduct, Dorsal Abduct
0%
What quadratic muscle is around the hypothenar but not part of these groups, and originates from the dermis? Palmaris brevis
0%
Anterior Superficial layer muscles Palmaris Longus
0%
Hand Ligaments that stabilise joints and firmly attach to deep transverse metacarpal ligament AKA volar Palmar ligaments/plates
0%
What muscles radial nerve innervates posterior arm and forearm
0%
radial nerve origin posterior cord C5-T1
0%
What skin radial nerve innervates posterior + inferolateral arm, posterior forearm, lateral dorsal hand, dorsal lateral 3.5 fingers
0%
Anterior Deep layer muscles Pronator Quadratus
0%
Anterior Superficial layer muscles (4) Pronator Teres
0%
What ulnar artery is deep to Pronator teres
0%
What mostly composes deep palmar arch arterial supply Radial
0%
Other name for wrist abduction Radial Deviation
0%
Innervation of Posterior extensor compartment Radial nerve
0%
True Wrist Joint + type Radiocarpal joint - Condyloid synovial
0%
Rotates over stationary forearm bone Radius
0%
Innervation of Thenar recurrent branch of median nerve
0%
Proximal row of carpal bones (SLTP) Scaphoid, Lunate, Triquetrum, Pisiform
0%
Posterior Deep Layer muscles (5) Supinator
0%
Median nerve innervates which muscles Thenar eminence
0%
5 muscle groups of the hand Thenar, Hypothenar, Adductor, Central, Interosseus
0%
Main stabilising Bone of the forearm that does NOT articulate at wrist joint Ulna
0%
What mostly composes superficial palmar arch arterial supply Ulnar
0%
Other name for wrist adduction Ulnar Deviation
0%
What the Cubital Tunnel contains Ulnar nerve
0%
Symptom of severe carpal tunnel due to compression of median nerve Wasting of thenar eminence
0%
No matching quizzes found
Score Distribution
Percent of People with Each Score
Percentile by Number Answered
Your Score History
You have not taken this quiz